Países más poblados - ¡Muerte Súbita! - Estadísticas

Estadísticas generales
  • Esta prueba ha sido intentada 36 veces
    28 desde el último reinicio
  • La puntuación promedio es 11 de 24
Answers on the Grid
Answers color-coded by a green-red scale on the quiz's grid according to % correct below.
Alemania
Angola
Australia
Bangladés
Brasil
Canadá
China
Corea del Sur
Egipto
España
Estados Unidos
Etiopía
Filipinas
Francia
Haití
India
Indonesia
Irak
Irán
Japón
Malasia
México
Nigeria
Pakistán
Perú
Polonia
Reino Unido
República Democrática del Congo
Rusia
Somalia
Sudáfrica
Suecia
Tailandia
Tanzania
Turquía
Ucrania
Uganda
Uzbekistán
Vietnam
Yemen
 
Estadísticas de respuestas
Respuesta % Correcto
213 m Brasil
83%
1422 m China
83%
144 m Rusia
78%
177 m Bangladés
67%
352 m Estados Unidos
67%
1470 m India
67%
132 m México
61%
117 m Filipinas
56%
287 m Indonesia
56%
123 m Japón
50%
240 m Nigeria
50%
115 m República Democrática del Congo
50%
87.8 m Turquía
44%
83.7 m Alemania
39%
119 m Egipto
39%
257 m Pakistán
39%
102 m Vietnam
39%
70.3 m Reino Unido
33%
137 m Etiopía
28%
92.8 m Irán
28%
71.6 m Tailandia
22%
69.3 m Francia
17%
65.1 m Sudáfrica
17%
71.6 m Tanzania
17%
No se encontraron pruebas coincidentes
Distribución de puntuación
Porcentaje de gente con cada puntuación
Porcentaje por número respondido
Historial de tus puntuaciones
No has intentado esta prueba desde el último reinicio